000 00733nam a2200205Ia 4500
003 OSt
005 20260422160856.0
008 210210b1985 xxu||||| |||| 00| 0 eng d
040 _cAL
041 _aKannada
082 _a923.1K SHRM
100 _aSHRINIVASA AYYANGAR (C R).
_d ಶ್ರೀನಿವಾಸ ಅಯ್ಯಂಗಾರ್ (ಸಿ ಆರ್)
_9262321
245 _aMysuru rajyadha mahashilpi shri krishnaraja odeyaru.
_bಮೈಸೂರು ರಾಜ್ಯದ ಮಹಾಶಿಲ್ಪಿ ಶ್ರೀ ಕೃಷ್ಣರಾಜ ಒಡೆಯರು.
260 _aBengaluru.
_bIBH Prakashana.,
_c1985
300 _a48
650 _aKings Odeyar
_9262322
690 _aBiography
_9262323
906 _a038688
942 _2ddc
_cBK
999 _c88811
_d88811